000
00327pam a2200157a 44500
008
230515b1900 xxu||||| |||| 00| 0 eng d
020
_a
NULL
041
_a
MARATHI
082
_a
1
100
_a
RANADE
245
_a
SHALYA TANTRA
250
_a
1
260
_a
PUNE
_b
N.D.
_c
1900
300
_a
250
650
_a
SHALYA TANTRA
999
_c
497028
_d
497028